000
00329nam a2200145Ia 4500
100
_a
Pooley/ Rob/ Stevens/ P
942
_c
BK
654
_a
computer
245
_a
Using UML: Software Eng with Oly & Comp
260
_b
Addison Wesly
_c
1999
082
_a
005.133'UML
_b
POO
300
_a
256
546
_a
ENGLISH
999
_c
18909
_d
18909